[Event "MPJ_D18"]
[Site "?"]
[Date "2016.03.15"]
[Round "3.2"]
[White "Jedrocha, Katarzyna"]
[Black "Kubicka, Anna"]
[Result "1-0"]
[BlackElo "2152"]
[WhiteElo "1923"]
[LiveChessVersion "1.4.8"]

1. d4 {[%clk 1:31:05]} Nf6 {[%clk 1:30:51]} 2. Nf3 {[%clk 1:30:26]} g6
{[%clk 1:31:12]} 3. c4 {[%clk 1:30:21]} Bg7 {[%clk 1:31:28]} 4. Nc3
{[%clk 1:27:30]} O-O {[%clk 1:29:03]} 5. Bg5 c6 6. e4 {[%clk 1:23:21]} d6
{[%clk 1:27:34]} 7. Qd2 {[%clk 1:22:41]} Nbd7 {[%clk 1:19:43]} 8. Be2
{[%clk 1:18:00]} e5 {[%clk 1:16:16]} 9. O-O {[%clk 1:15:08]} a6 {[%clk 1:14:13]}
10. a4 {[%clk 1:08:04]} a5 {[%clk 1:12:50]} 11. Rad1 {[%clk 0:55:27]} Qc7
{[%clk 1:06:52]} 12. h3 {[%clk 0:52:24]} Kh8 {[%clk 1:06:04]} 13. Bh6
{[%clk 0:47:37]} Ng8 {[%clk 0:54:32]} 14. Bxg7+ {[%clk 0:46:06]} Kxg7
{[%clk 0:54:56]} 15. Qe3 {[%clk 0:37:35]} b6 {[%clk 0:52:24]} 16. Nh4
{[%clk 0:32:55]} Qd8 {[%clk 0:26:04]} 17. Qg3 {[%clk 0:28:36]} Kh8
{[%clk 0:25:04]} 18. dxe5 {[%clk 0:23:25]} dxe5 {[%clk 0:25:19]} 19. Rd6
{[%clk 0:21:24]} Qc7 {[%clk 0:25:04]} 20. Rfd1 {[%clk 0:21:21]} f6
{[%clk 0:24:17]} 21. Nf3 {[%clk 0:12:58]} Re8 {[%clk 0:20:03]} 22. h4
{[%clk 0:11:46]} Nc5 {[%clk 0:17:04]} 23. h5 {[%clk 0:10:45]} gxh5
{[%clk 0:14:05]} 24. Nh4 {[%clk 0:09:55]} Bg4 {[%clk 0:11:00]} 25. Bxg4
{[%clk 0:09:30]} hxg4 {[%clk 0:11:26]} 26. Qxg4 {[%clk 0:09:29]} Rad8
{[%clk 0:10:43]} 27. Nf5 {[%clk 0:09:08]} Rxd6 {[%clk 0:10:37]} 28. Rxd6
{[%clk 0:08:11]} Ne6 {[%clk 0:10:55]} 29. Qh5 {[%clk 0:07:17]} Re7
{[%clk 0:07:25]} 30. Rd1 {[%clk 0:03:57]} Rd7 {[%clk 0:07:15]} 31. Qe8
{[%clk 0:03:31]} Rxd1+ {[%clk 0:07:30]} 32. Nxd1 {[%clk 0:04:00]} Ng7
{[%clk 0:06:23]} 33. Nxg7 {[%clk 0:04:13]} Kxg7 {[%clk 0:06:51]} 34. Ne3
{[%clk 0:04:25]} Ne7 {[%clk 0:05:38]} 35. g3 {[%clk 0:03:25]} Qd6
{[%clk 0:04:09]} 36. Kg2 {[%clk 0:03:22]} Qc7 {[%clk 0:03:19]} 37. Kf3
{[%clk 0:02:50]} h6 {[%clk 0:02:30]} 38. Qxe7+ {[%clk 0:01:15]} Qxe7
{[%clk 0:02:57]} 39. Nf5+ {[%clk 0:01:41]} Kf7 {[%clk 0:03:25]} 40. Nxe7
{[%clk 0:32:08]} Kxe7 {[%clk 0:33:53]} 41. Kg4 {[%clk 0:32:24]} Kf7
{[%clk 0:33:53]} 42. Kf5 {[%clk 0:32:32]} h5 {[%clk 0:32:51]} 43. f3
{[%clk 0:29:35]} c5 {[%clk 0:33:02]} 44. b3 {[%clk 0:29:29]} Kg7 {[%clk 0:33:04]}
45. Ke6 {[%clk 0:28:11]} Kg6 {[%clk 0:33:25]} 46. Kd6 {[%clk 0:28:21]} Kg5
{[%clk 0:33:42]} 47. Kc6 {[%clk 0:26:23]} h4 {[%clk 0:30:48]} 48. gxh4+
{[%clk 0:26:41]} Kxh4 {[%clk 0:31:07]} 49. Kxb6 {[%clk 0:27:07]} Kg3
{[%clk 0:31:33]} 50. Kxc5 {[%clk 0:27:31]} Kxf3 {[%clk 0:31:56]} 51. Kd5 1-0

[Event "MPJ_D18"]
[Site "?"]
[Date "2016.03.15"]
[Round "3.4"]
[White "Dmochowska, Agnieszka"]
[Black "Dadello, Aleksandra"]
[Result "1-0"]
[BlackElo "2041"]
[WhiteElo "1953"]
[LiveChessVersion "1.4.8"]

1. e4 {[%clk 1:30:56]} e6 {[%clk 1:30:53]} 2. d4 {[%clk 1:31:19]} d5
{[%clk 1:31:17]} 3. Nd2 {[%clk 1:31:40]} Nf6 {[%clk 1:31:38]} 4. e5
{[%clk 1:32:03]} Nfd7 {[%clk 1:32:03]} 5. Bd3 {[%clk 1:32:22]} c5
{[%clk 1:32:16]} 6. c3 {[%clk 1:32:43]} Nc6 {[%clk 1:32:27]} 7. Ne2
{[%clk 1:33:07]} f6 {[%clk 1:21:28]} 8. exf6 {[%clk 1:33:26]} Qxf6
{[%clk 1:21:12]} 9. Nf3 {[%clk 1:32:37]} Bd6 {[%clk 1:20:18]} 10. O-O
{[%clk 1:27:56]} h6 {[%clk 1:10:17]} 11. Ng3 {[%clk 1:22:46]} O-O
{[%clk 0:59:54]} 12. Nh5 {[%clk 1:08:49]} Qf7 {[%clk 0:53:21]} 13. Nh4
{[%clk 1:06:23]} Ne7 {[%clk 0:51:47]} 14. Be3 {[%clk 0:53:17]} e5
{[%clk 0:45:48]} 15. dxe5 {[%clk 0:50:29]} Nxe5 {[%clk 0:44:33]} 16. Be2
{[%clk 0:44:59]} b6 {[%clk 0:34:34]} 17. Ng3 {[%clk 0:41:26]} Qf6
{[%clk 0:28:40]} 18. Nf3 {[%clk 0:40:19]} Bg4 {[%clk 0:28:08]} 19. Nxe5
{[%clk 0:39:21]} Bxe2 {[%clk 0:28:29]} 20. Qxe2 {[%clk 0:36:52]} Qxe5
{[%clk 0:26:58]} 21. Qg4 {[%clk 0:36:03]} Nf5 {[%clk 0:22:27]} 22. Rae1
{[%clk 0:33:22]} Nxe3 {[%clk 0:21:55]} 23. Rxe3 {[%clk 0:33:41]} Qf6
{[%clk 0:19:56]} 24. Nh5 {[%clk 0:31:04]} Qf7 {[%clk 0:18:50]} 25. Nxg7
{[%clk 0:21:09]} Bxh2+ {[%clk 0:18:36]} 26. Kxh2 {[%clk 0:21:28]} Qxg7
{[%clk 0:18:55]} 27. Qe6+ {[%clk 0:19:18]} Kh8 {[%clk 0:18:02]} 28. Rg3
{[%clk 0:18:46]} Qf6 {[%clk 0:17:59]} 29. Rg8+ {[%clk 0:18:47]} Kh7
{[%clk 0:18:10]} 30. Qxf6 {[%clk 0:19:11]} 1-0

[Event "MPJ_D18"]
[Site "?"]
[Date "2016.03.15"]
[Round "3.5"]
[White "Kopica, Paulina"]
[Black "Murawko, Julia"]
[Result "1-0"]
[BlackElo "1758"]
[WhiteElo "1786"]
[LiveChessVersion "1.4.8"]

1. e4 {[%clk 1:30:58]} d5 {[%clk 1:30:55]} 2. exd5 {[%clk 1:31:22]} Qxd5
{[%clk 1:31:20]} 3. Nc3 {[%clk 1:31:45]} Qa5 {[%clk 1:31:44]} 4. d4
{[%clk 1:32:08]} c6 {[%clk 1:32:10]} 5. Nf3 {[%clk 1:32:24]} Nf6 {[%clk 1:32:32]}
6. Bc4 {[%clk 1:32:31]} Bf5 {[%clk 1:32:19]} 7. Bd2 {[%clk 1:32:35]} Qc7
{[%clk 1:31:44]} 8. Ne5 {[%clk 1:32:19]} e6 {[%clk 1:31:37]} 9. g4
{[%clk 1:31:27]} Be4 {[%clk 1:28:21]} 10. Nxe4 {[%clk 1:31:21]} Nxe4
{[%clk 1:28:46]} 11. Bf4 {[%clk 1:30:24]} Nd6 {[%clk 1:14:40]} 12. Bb3
{[%clk 1:25:46]} Nd7 {[%clk 1:01:02]} 13. Qe2 {[%clk 1:17:39]} Qa5+
{[%clk 0:56:08]} 14. Bd2 {[%clk 1:11:28]} Qd8 {[%clk 0:52:03]} 15. O-O-O
{[%clk 1:06:32]} Nxe5 {[%clk 0:35:18]} 16. dxe5 {[%clk 1:03:24]} Nb5
{[%clk 0:34:24]} 17. Be3 {[%clk 1:01:50]} Qa5 {[%clk 0:30:45]} 18. f4
{[%clk 0:49:35]} Be7 {[%clk 0:14:39]} 19. f5 {[%clk 0:39:03]} Nc7
{[%clk 0:12:39]} 20. Bd4 {[%clk 0:36:56]} O-O-O {[%clk 0:10:29]} 21. Rhf1
{[%clk 0:34:19]} Rhf8 {[%clk 0:08:28]} 22. Qe4 {[%clk 0:31:40]} g6
{[%clk 0:05:51]} 23. Rd3 {[%clk 0:21:08]} Nd5 {[%clk 0:04:59]} 24. f6
{[%clk 0:18:28]} Bc5 {[%clk 0:04:10]} 25. c3 {[%clk 0:15:36]} Qb6
{[%clk 0:01:23]} 26. Rfd1 {[%clk 0:14:56]} Qa5 {[%clk 0:01:01]} 27. Bxc5
{[%clk 0:06:26]} Qxc5 {[%clk 0:01:26]} 28. Rd4 {[%clk 0:06:21]} Qb6
{[%clk 0:00:55]} 29. Qd3 {[%clk 0:06:12]} Nf4 {[%clk 0:00:52]} 30. Qf3
{[%clk 0:06:06]} Nd5 {[%clk 0:00:42]} 31. Qh3 {[%clk 0:06:09]} Rh8
{[%clk 0:01:09]} 32. Qh6 {[%clk 0:05:47]} Qc7 {[%clk 0:01:07]} 33. c4
{[%clk 0:04:59]} Nb4 {[%clk 0:01:07]} 34. a3 {[%clk 0:04:27]} Rxd4
{[%clk 0:01:15]} 35. Rxd4 {[%clk 0:04:54]} Qxe5 {[%clk 0:01:31]} 36. Qg7
{[%clk 0:01:11]} Qe3+ {[%clk 0:00:58]} 37. Kb1 {[%clk 0:01:04]} Qxd4
{[%clk 0:00:52]} 38. Qxh8+ {[%clk 0:01:30]} Kc7 {[%clk 0:01:17]} 39. axb4
{[%clk 0:01:36]} Qe4+ {[%clk 0:01:32]} 40. Ka2 {[%clk 0:31:43]} Qe5
{[%clk 0:31:45]} 41. Qg7 {[%clk 0:31:47]} a5 {[%clk 0:31:50]} 42. Qxf7+
{[%clk 0:32:09]} Kb6 {[%clk 0:32:14]} 43. c5+ {[%clk 0:31:27]} 1-0

[Event "MPJ_D18"]
[Site "?"]
[Date "2016.03.15"]
[Round "3.6"]
[White "Marczuk, Anna"]
[Black "Posuniak, Weronika"]
[Result "1/2-1/2"]
[BlackElo "1731"]
[WhiteElo "2041"]
[LiveChessVersion "1.4.8"]

1. c4 {[%clk 1:30:54]} Nf6 {[%clk 1:29:39]} 2. d4 {[%clk 1:30:37]} d5
{[%clk 1:28:19]} 3. Nc3 {[%clk 1:30:13]} c6 {[%clk 1:28:03]} 4. cxd5
{[%clk 1:30:17]} cxd5 {[%clk 1:26:12]} 5. Bf4 {[%clk 1:30:22]} a6
{[%clk 1:24:03]} 6. e3 {[%clk 1:29:30]} Qb6 {[%clk 1:20:40]} 7. Qc2
{[%clk 1:24:36]} Nc6 {[%clk 1:19:53]} 8. a3 {[%clk 1:23:30]} e6 {[%clk 1:17:28]}
9. Rc1 {[%clk 1:17:53]} Bd7 {[%clk 1:14:14]} 10. Bd3 {[%clk 1:12:44]} Be7
{[%clk 1:12:46]} 11. Nf3 {[%clk 1:11:58]} Rc8 {[%clk 1:05:53]} 12. O-O
{[%clk 1:04:01]} h6 {[%clk 1:01:57]} 13. Na4 {[%clk 0:46:57]} Qa7
{[%clk 0:55:01]} 14. Qb3 {[%clk 0:40:37]} b5 {[%clk 0:36:28]} 15. Nc5
{[%clk 0:36:48]} Na5 {[%clk 0:34:00]} 16. Qc3 {[%clk 0:34:01]} Nc4
{[%clk 0:33:01]} 17. b4 {[%clk 0:29:08]} O-O {[%clk 0:27:19]} 18. Ne5
{[%clk 0:24:38]} Rfd8 {[%clk 0:22:40]} 19. Bg3 {[%clk 0:23:11]} Be8
{[%clk 0:21:41]} 20. Bb1 {[%clk 0:19:11]} Nd7 {[%clk 0:19:04]} 21. Qd3
{[%clk 0:12:59]} Nf8 {[%clk 0:17:33]} 22. Nxc4 {[%clk 0:07:13]} dxc4
{[%clk 0:12:19]} 23. Qc2 {[%clk 0:07:00]} a5 {[%clk 0:11:41]} 24. Qb2
{[%clk 0:03:27]} axb4 {[%clk 0:09:17]} 25. axb4 {[%clk 0:03:53]} Bc6
{[%clk 0:07:18]} 26. Bc2 {[%clk 0:02:24]} Ra8 {[%clk 0:07:12]} 27. Ra1
{[%clk 0:02:10]} Qb6 {[%clk 0:07:37]} 28. Be4 {[%clk 0:00:59]} Bxe4
{[%clk 0:03:21]} 29. Nxe4 {[%clk 0:01:24]} Nd7 {[%clk 0:02:24]} 30. Rfd1
{[%clk 0:01:02]} Nf6 {[%clk 0:02:33]} 31. Nc5 {[%clk 0:00:55]} Qc6
{[%clk 0:02:26]} 32. Be5 {[%clk 0:00:49]} Nd7 {[%clk 0:02:16]} 33. Nxd7
{[%clk 0:00:44]} Qxd7 {[%clk 0:01:53]} 34. h3 {[%clk 0:00:38]} Bd6
{[%clk 0:01:58]} 35. Bxd6 {[%clk 0:00:35]} Qxd6 {[%clk 0:02:24]} 36. Rdc1
{[%clk 0:00:49]} Qc6 {[%clk 0:02:17]} 37. Kf1 {[%clk 0:00:59]} Rxa1
{[%clk 0:02:22]} 38. Qxa1 {[%clk 0:01:10]} Ra8 {[%clk 0:02:44]} 39. Qc3
{[%clk 0:01:33]} Qa6 {[%clk 0:02:00]} 40. Ke2 {[%clk 0:31:09]} Qa3
{[%clk 0:32:06]} 41. Qxa3 {[%clk 0:27:31]} Rxa3 {[%clk 0:32:30]} 42. Rb1
{[%clk 0:27:10]} Ra2+ {[%clk 0:31:58]} 43. Kf3 {[%clk 0:24:13]} Kf8
{[%clk 0:29:11]} 44. g4 {[%clk 0:23:20]} Ke7 {[%clk 0:28:30]} 45. Ke4
{[%clk 0:16:48]} Kd6 {[%clk 0:24:41]} 46. f3 {[%clk 0:15:48]} Ra3
{[%clk 0:24:34]} 47. h4 {[%clk 0:14:38]} f5+ {[%clk 0:18:04]} 48. gxf5
{[%clk 0:14:21]} exf5+ {[%clk 0:18:28]} 49. Kf4 {[%clk 0:13:45]} Rb3
{[%clk 0:12:49]} 50. Rc1 {[%clk 0:12:50]} Rxb4 {[%clk 0:13:07]} 51. Kxf5
{[%clk 0:12:40]} Rb3 {[%clk 0:12:04]} 52. Ke4 {[%clk 0:12:46]} Ra3
{[%clk 0:11:24]} 53. Rb1 {[%clk 0:12:04]} Kc6 {[%clk 0:11:28]} 54. h5
{[%clk 0:11:27]} Ra8 {[%clk 0:11:25]} 55. f4 {[%clk 0:09:11]} Rb8
{[%clk 0:10:57]} 56. Rc1 {[%clk 0:08:19]} Kd6 {[%clk 0:08:19]} 57. Rc2
{[%clk 0:04:13]} Re8+ {[%clk 0:07:56]} 58. Kf3 {[%clk 0:04:23]} Kd5
{[%clk 0:07:59]} 59. Rb2 {[%clk 0:03:24]} Rb8 {[%clk 0:06:30]} 60. Ke2
{[%clk 0:02:19]} b4 {[%clk 0:06:19]} 61. Rb1 {[%clk 0:02:10]} Ke4
{[%clk 0:05:57]} 62. Kd2 {[%clk 0:01:27]} c3+ {[%clk 0:05:44]} 63. Kc2
{[%clk 0:01:54]} Kxe3 {[%clk 0:05:57]} 64. d5 {[%clk 0:02:19]} Kd4
{[%clk 0:06:03]} 65. d6 {[%clk 0:02:16]} Kc4 {[%clk 0:03:18]} 66. d7
{[%clk 0:01:36]} Rd8 {[%clk 0:03:37]} 67. Rd1 {[%clk 0:01:57]} b3+
{[%clk 0:03:47]} 68. Kc1 {[%clk 0:02:04]} c2 {[%clk 0:04:03]} 69. Rd6
{[%clk 0:02:11]} Kc3 {[%clk 0:04:16]} 70. Rc6+ {[%clk 0:02:24]} Kd4
{[%clk 0:03:41]} 71. Kb2 {[%clk 0:01:25]} Rxd7 {[%clk 0:03:46]} 72. Kxb3
{[%clk 0:01:50]} Ke4 {[%clk 0:03:18]} 73. Kxc2 {[%clk 0:02:02]} Kxf4
{[%clk 0:02:14]} 74. Rg6 {[%clk 0:02:24]} Rd5 {[%clk 0:01:58]} 75. Rxg7
{[%clk 0:02:50]} Rxh5 {[%clk 0:02:24]} 76. Kd2 {[%clk 0:03:01]} Re5
{[%clk 0:02:43]} 77. Rg1 {[%clk 0:02:24]} Kf3 {[%clk 0:02:40]} 78. Kd3
{[%clk 0:02:10]} h5 {[%clk 0:02:29]} 79. Kd4 {[%clk 0:02:29]} Re4+
{[%clk 0:01:51]} 80. Kd3 {[%clk 0:02:53]} h4 {[%clk 0:01:02]} 81. Rf1+
{[%clk 0:02:58]} Kg2 {[%clk 0:01:23]} 82. Kxe4 {[%clk 0:03:19]} Kxf1
{[%clk 0:01:44]} 83. Kf3 {[%clk 0:03:41]} 1/2-1/2

[Event "MPJ_D18"]
[Site "?"]
[Date "2016.03.15"]
[Round "3.7"]
[White "Konopacka, Martyna"]
[Black "Kozubal, Aleksandra"]
[Result "1-0"]
[BlackElo "1688"]
[WhiteElo "1905"]
[LiveChessVersion "1.4.8"]

1. e4 {[%clk 1:30:58]} e5 {[%clk 1:30:49]} 2. Nf3 {[%clk 1:31:24]} Nc6
{[%clk 1:30:56]} 3. Bc4 {[%clk 1:31:42]} Nf6 {[%clk 1:30:44]} 4. d3
{[%clk 1:30:37]} Be7 {[%clk 1:28:50]} 5. c3 {[%clk 1:30:38]} O-O {[%clk 1:28:36]}
6. Bb3 {[%clk 1:30:47]} d5 {[%clk 1:25:10]} 7. Qe2 {[%clk 1:31:04]} dxe4
{[%clk 1:14:28]} 8. dxe4 {[%clk 1:31:18]} Bg4 {[%clk 1:14:29]} 9. Nbd2
{[%clk 1:30:51]} Nd7 {[%clk 1:03:22]} 10. h3 {[%clk 1:22:18]} Bh5
{[%clk 1:02:36]} 11. g4 {[%clk 1:17:56]} Bg6 {[%clk 1:02:15]} 12. Nf1
{[%clk 1:15:36]} Nc5 {[%clk 0:51:56]} 13. Bc2 {[%clk 1:14:11]} Qd6
{[%clk 0:45:10]} 14. Bd2 {[%clk 1:02:17]} Rad8 {[%clk 0:41:42]} 15. O-O-O
{[%clk 0:59:17]} Nd3+ {[%clk 0:38:51]} 16. Kb1 {[%clk 0:57:38]} Nc5
{[%clk 0:27:12]} 17. Ng3 {[%clk 0:45:46]} a5 {[%clk 0:23:37]} 18. Nf5
{[%clk 0:44:10]} Qe6 {[%clk 0:21:39]} 19. N3h4 {[%clk 0:41:31]} Rd7
{[%clk 0:18:05]} 20. Nxg6 {[%clk 0:38:34]} Qxg6 {[%clk 0:17:11]} 21. Be3
{[%clk 0:35:39]} Qe6 {[%clk 0:12:20]} 22. Qb5 {[%clk 0:30:15]} b6
{[%clk 0:08:19]} 23. Nxe7+ {[%clk 0:22:51]} Rxe7 {[%clk 0:06:07]} 24. Bxc5
{[%clk 0:22:48]} bxc5 {[%clk 0:06:32]} 25. Qxc5 {[%clk 0:22:23]} Rb8
{[%clk 0:05:42]} 26. Rd5 {[%clk 0:20:18]} Qg6 {[%clk 0:03:13]} 27. Rhd1
{[%clk 0:20:12]} h6 {[%clk 0:03:10]} 28. f3 {[%clk 0:17:40]} Rb6 {[%clk 0:02:19]}
29. Ba4 {[%clk 0:15:57]} Re6 {[%clk 0:01:08]} 30. Bxc6 {[%clk 0:13:18]} Rexc6
{[%clk 0:01:21]} 31. Rd8+ {[%clk 0:13:09]} Kh7 {[%clk 0:01:45]} 32. Qxe5
{[%clk 0:13:03]} f6 {[%clk 0:01:49]} 33. Qxa5 {[%clk 0:12:20]} Ra6
{[%clk 0:01:12]} 34. Qd5 {[%clk 0:09:49]} Qg5 {[%clk 0:00:36]} 35. Qg8+
{[%clk 0:09:19]} Kg6 {[%clk 0:01:03]} 36. R8d7 {[%clk 0:09:30]} 1-0

[Event "MPJ_D18"]
[Site "?"]
[Date "2016.03.15"]
[Round "3.8"]
[White "Wilk, Oktawia"]
[Black "Topolan, Agata"]
[Result "0-1"]
[BlackElo "1889"]
[WhiteElo "1683"]
[LiveChessVersion "1.4.8"]

1. e4 {[%clk 1:30:32]} c6 {[%clk 1:30:51]} 2. Nf3 {[%clk 1:30:52]} d5
{[%clk 1:31:14]} 3. Nc3 {[%clk 1:31:15]} dxe4 {[%clk 1:28:20]} 4. Nxe4
{[%clk 1:31:36]} Bg4 {[%clk 1:27:43]} 5. h3 {[%clk 1:31:09]} Bh5 {[%clk 1:27:35]}
6. Ng3 {[%clk 1:31:26]} Bg6 {[%clk 1:27:54]} 7. h4 {[%clk 1:31:18]} h6
{[%clk 1:27:02]} 8. Ne5 {[%clk 1:31:01]} Bh7 {[%clk 1:26:43]} 9. Qh5
{[%clk 1:30:42]} g6 {[%clk 1:25:53]} 10. Bc4 {[%clk 1:29:12]} e6 {[%clk 1:25:06]}
11. Qf3 {[%clk 1:28:35]} Qf6 {[%clk 1:22:48]} 12. Qe2 {[%clk 1:26:29]} Bg7
{[%clk 1:19:52]} 13. Ng4 {[%clk 1:25:47]} Qe7 {[%clk 1:20:08]} 14. c3
{[%clk 1:25:44]} Nd7 {[%clk 1:17:55]} 15. d4 {[%clk 1:25:51]} f5 {[%clk 1:06:31]}
16. Nh2 {[%clk 1:23:18]} e5 {[%clk 1:05:49]} 17. Nf3 {[%clk 1:17:55]} e4
{[%clk 1:03:45]} 18. Ng1 {[%clk 1:17:42]} Nb6 {[%clk 1:01:34]} 19. Bb3
{[%clk 1:17:18]} Nf6 {[%clk 1:01:22]} 20. Bd2 {[%clk 1:15:42]} a5
{[%clk 0:58:22]} 21. f3 {[%clk 1:13:03]} Qd6 {[%clk 0:56:31]} 22. Qf2
{[%clk 1:10:49]} O-O-O {[%clk 0:52:14]} 23. O-O-O {[%clk 1:10:51]} e3
{[%clk 0:52:14]} 24. Qxe3 {[%clk 1:01:17]} Qxg3 {[%clk 0:49:50]} 25. Ne2
{[%clk 0:55:14]} Qc7 {[%clk 0:46:21]} 26. Be6+ {[%clk 0:54:45]} Nbd7
{[%clk 0:43:41]} 27. c4 {[%clk 0:51:45]} Rhe8 {[%clk 0:41:41]} 28. Nf4
{[%clk 0:42:47]} g5 {[%clk 0:40:16]} 29. hxg5 {[%clk 0:43:00]} hxg5
{[%clk 0:40:38]} 30. Nh5 {[%clk 0:43:13]} Nxh5 {[%clk 0:38:56]} 31. Rxh5
{[%clk 0:43:30]} f4 {[%clk 0:38:54]} 32. Bxd7+ {[%clk 0:42:57]} Qxd7
{[%clk 0:38:34]} 33. Qc3 {[%clk 0:41:57]} Qf5 {[%clk 0:38:15]} 34. Rxh7
{[%clk 0:39:18]} Qxh7 {[%clk 0:38:39]} 35. Qxa5 {[%clk 0:39:39]} Kb8
{[%clk 0:36:45]} 36. Qxg5 {[%clk 0:39:57]} Bh6 {[%clk 0:32:08]} 37. Bxf4+
{[%clk 0:36:35]} Rd6 {[%clk 0:30:50]} 38. Qxh6 {[%clk 0:33:58]} Qxh6
{[%clk 0:31:07]} 39. Bxh6 {[%clk 0:34:24]} Rxh6 {[%clk 0:31:28]} 40. Rd2
{[%clk 1:03:54]} Kc7 {[%clk 1:01:13]} 41. Kc2 {[%clk 1:04:20]} Kd6
{[%clk 1:01:18]} 42. d5 {[%clk 1:04:11]} cxd5 {[%clk 1:00:46]} 43. Rxd5+
{[%clk 1:04:32]} Kc6 {[%clk 1:01:08]} 44. Rd2 {[%clk 1:03:32]} Rg6
{[%clk 1:01:28]} 45. Kc3 {[%clk 1:02:16]} Reg8 {[%clk 1:01:28]} 46. b4
{[%clk 1:02:17]} Rxg2 {[%clk 1:01:40]} 47. b5+ {[%clk 1:02:38]} Kc7
{[%clk 1:01:36]} 48. a4 {[%clk 1:02:33]} R2g3 {[%clk 1:01:50]} 49. Rd3
{[%clk 1:01:13]} Rf8 {[%clk 1:01:44]} 50. Kb4 {[%clk 1:01:12]} Rgxf3
{[%clk 0:57:51]} 51. Rd5 {[%clk 1:01:21]} R8f5 {[%clk 0:57:35]} 52. Rd4
{[%clk 1:01:16]} Re5 {[%clk 0:57:29]} 53. c5 {[%clk 1:01:10]} Rf1
{[%clk 0:55:20]} 54. b6+ {[%clk 1:00:46]} Kc8 {[%clk 0:55:39]} 55. Rc4
{[%clk 1:01:07]} Rb1+ {[%clk 0:55:05]} 56. Ka5 {[%clk 1:00:45]} Kd7
{[%clk 0:54:50]} 57. Rd4+ {[%clk 1:01:01]} Ke6 {[%clk 0:52:02]} 58. Rd6+
{[%clk 1:01:19]} Kf5 {[%clk 0:50:35]} 59. Rf6+ {[%clk 1:01:16]} Ke4
{[%clk 0:48:44]} 60. Rf4+ {[%clk 1:00:41]} Kd3 {[%clk 0:47:16]} 61. Rd4+
{[%clk 1:00:05]} Kc3 {[%clk 0:47:15]} 62. Rd3+ {[%clk 0:59:40]} Kc2
{[%clk 0:44:37]} 63. Rd2+ {[%clk 0:59:48]} Kb3 {[%clk 0:43:17]} 64. Rd3+
{[%clk 1:00:07]} Ka2 {[%clk 0:43:39]} 65. Ra3+ {[%clk 1:00:26]} Kb2
{[%clk 0:44:07]} 66. Rb3+ {[%clk 1:00:22]} Kc2 {[%clk 0:44:35]} 67. Rc3+
{[%clk 1:00:44]} Kd2 {[%clk 0:45:00]} 68. Rd3+ {[%clk 0:59:57]} Ke1
{[%clk 0:45:19]} 69. Rd5 {[%clk 1:00:22]} Re2 {[%clk 0:45:09]} 70. c6
{[%clk 1:00:28]} bxc6 {[%clk 0:44:45]} 71. Rh5 {[%clk 1:00:19]} Reb2
{[%clk 0:44:45]} 72. Rh1+ {[%clk 1:00:39]} Kf2 {[%clk 0:44:57]} 73. Rxb1
{[%clk 1:01:04]} Rxb1 {[%clk 0:45:23]} 74. Ka6 {[%clk 1:01:28]} c5
{[%clk 0:45:32]} 75. b7 {[%clk 1:01:51]} c4 {[%clk 0:45:47]} 76. Ka7
{[%clk 1:02:11]} Ra1 {[%clk 0:41:49]} 77. Kb6 {[%clk 1:02:14]} Rb1+ 0-1

[Event "MPJ_D18"]
[Site "?"]
[Date "2016.03.15"]
[Round "3.9"]
[White "Fraczek, Weronika"]
[Black "Ostrowska, Joanna"]
[Result "1/2-1/2"]
[BlackElo "1682"]
[WhiteElo "1825"]
[LiveChessVersion "1.4.8"]

1. e4 {[%clk 1:30:58]} e6 {[%clk 1:27:54]} 2. d4 {[%clk 1:31:15]} d5
{[%clk 1:31:15]} 3. Nc3 {[%clk 1:31:37]} dxe4 {[%clk 1:30:55]} 4. Nxe4
{[%clk 1:31:50]} h6 {[%clk 1:30:53]} 5. Bd3 {[%clk 1:31:24]} Nf6 {[%clk 1:28:58]}
6. Nf3 {[%clk 1:31:13]} Bd6 {[%clk 1:27:09]} 7. c4 {[%clk 1:29:18]} Bb4+
{[%clk 1:23:42]} 8. Bd2 {[%clk 1:28:08]} Bxd2+ {[%clk 1:23:23]} 9. Qxd2
{[%clk 1:27:57]} Nc6 {[%clk 1:23:00]} 10. Bc2 {[%clk 1:24:32]} a6
{[%clk 1:17:40]} 11. O-O-O {[%clk 1:23:12]} O-O {[%clk 1:09:48]} 12. h3
{[%clk 1:09:01]} Nxe4 {[%clk 1:07:37]} 13. Bxe4 {[%clk 1:09:17]} f5
{[%clk 1:05:51]} 14. Bxc6 {[%clk 1:08:41]} bxc6 {[%clk 1:06:17]} 15. Ne5
{[%clk 1:08:59]} Qd6 {[%clk 1:05:19]} 16. Qe2 {[%clk 1:06:05]} c5
{[%clk 1:02:30]} 17. d5 {[%clk 1:05:12]} Bb7 {[%clk 0:52:02]} 18. dxe6
{[%clk 1:03:54]} Qxe6 {[%clk 0:52:14]} 19. f4 {[%clk 1:03:21]} Rfd8
{[%clk 0:46:49]} 20. Rxd8+ {[%clk 0:58:48]} Rxd8 {[%clk 0:47:13]} 21. Rd1
{[%clk 0:58:06]} Rd4 {[%clk 0:47:07]} 22. Rxd4 {[%clk 0:56:56]} cxd4
{[%clk 0:46:34]} 23. g3 {[%clk 0:47:46]} Be4 {[%clk 0:38:51]} 24. b4
{[%clk 0:43:28]} Qb6 {[%clk 0:36:22]} 25. a3 {[%clk 0:37:47]} a5 {[%clk 0:27:48]}
26. c5 {[%clk 0:36:10]} Qa7 {[%clk 0:27:52]} 27. Qc4+ {[%clk 0:36:00]} Kh7
{[%clk 0:28:00]} 28. Qxd4 {[%clk 0:34:34]} axb4 {[%clk 0:28:06]} 29. Qxb4
{[%clk 0:34:47]} Qa6 {[%clk 0:28:01]} 30. Nc4 {[%clk 0:33:35]} Bd5
{[%clk 0:27:35]} 31. Ne3 {[%clk 0:31:50]} Be4 {[%clk 0:27:09]} 32. Qc3
{[%clk 0:30:37]} Qb5 {[%clk 0:25:05]} 33. g4 {[%clk 0:26:47]} Qb1+
{[%clk 0:22:20]} 34. Kd2 {[%clk 0:27:14]} Qa2+ {[%clk 0:22:00]} 35. Nc2
{[%clk 0:26:58]} Qd5+ {[%clk 0:19:41]} 36. Kc1 {[%clk 0:25:40]} fxg4
{[%clk 0:17:32]} 37. hxg4 {[%clk 0:25:39]} Bf3 {[%clk 0:16:55]} 38. g5
{[%clk 0:23:22]} hxg5 {[%clk 0:15:56]} 39. fxg5 {[%clk 0:23:41]} Qxg5+
{[%clk 0:16:02]} 40. Qe3 {[%clk 0:52:39]} Qxe3+ {[%clk 0:40:13]} 41. Nxe3
{[%clk 0:53:03]} g5 {[%clk 0:40:25]} 42. Nf1 {[%clk 0:51:08]} Kg7
{[%clk 0:40:28]} 43. Kd2 {[%clk 0:47:09]} Kf7 {[%clk 0:40:29]} 44. Ke3
{[%clk 0:47:20]} Bc6 {[%clk 0:40:38]} 45. Kd4 {[%clk 0:45:45]} Ke6
{[%clk 0:39:20]} 46. Ne3 {[%clk 0:42:19]} Bf3 {[%clk 0:37:55]} 47. a4
{[%clk 0:41:55]} g4 {[%clk 0:37:40]} 48. Nf1 {[%clk 0:39:23]} Kd7
{[%clk 0:37:25]} 49. Ng3 {[%clk 0:37:40]} Kc6 {[%clk 0:37:13]} 50. Kc4
{[%clk 0:37:24]} Kb7 {[%clk 0:34:48]} 51. Kb5 {[%clk 0:35:05]} Bc6+
{[%clk 0:30:10]} 52. Kb4 {[%clk 0:34:01]} Kc8 {[%clk 0:29:43]} 53. a5
{[%clk 0:34:10]} Kd7 {[%clk 0:29:43]} 54. Kc4 {[%clk 0:34:02]} Ke6
{[%clk 0:29:50]} 55. Kd4 {[%clk 0:34:23]} Kf6 {[%clk 0:28:31]} 56. a6
{[%clk 0:34:17]} Ba8 {[%clk 0:26:32]} 57. a7 {[%clk 0:31:27]} Bc6
{[%clk 0:26:52]} 58. Ke3 {[%clk 0:30:35]} Ke5 {[%clk 0:26:14]} 59. Ne2
{[%clk 0:30:32]} Kd5 {[%clk 0:19:33]} 60. Kf4 {[%clk 0:27:37]} Kxc5
{[%clk 0:19:48]} 1/2-1/2